| 000 | 01183nam a2200349 i 4500 | ||
|---|---|---|---|
| 001 | 000035658 | ||
| 003 | DO-SdBNP | ||
| 005 | 20260220100144.0 | ||
| 007 | ta | ||
| 008 | 100212s2006 dr r 000 0 spa d | ||
| 020 | _a9993494070 | ||
| 040 |
_aDO-SdBNP _bspa _cBNPHU _erda |
||
| 041 | _aspa | ||
| 082 | 4 |
_a170 _bG731e 2006 _222 |
|
| 100 | 1 |
_aGracián, Baltasar, _d1601-1658 _eautor _4aut. _926972 |
|
| 245 | 1 | 3 |
_aEl arte de la prudencia / _cBaltasar Gracián ; presentación, Daniel Toribio Marmolejos. |
| 250 | _asegunda edición | ||
| 264 | 1 |
_aSanto Domingo : _bBanreservas, _c2006. |
|
| 300 |
_a305 páginas : _bilustraciones ; _c18 cm. |
||
| 336 |
_atexto _btxt _2rdacontent |
||
| 337 |
_asin mediación _bn _2rdamedia |
||
| 338 |
_avolumen _bnc _2rdacarrier |
||
| 500 | _aIncluye notas al pie de las páginas. | ||
| 590 | _aInventariado, 2018/MFF | ||
| 650 | 4 |
_aPrudencia _926973 |
|
| 650 | 4 |
_aÉtica _xCitas, máximas, etc. _926974 |
|
| 650 | 7 |
_aConducta de vida _xCitas, máximas, etc. _2LIBRUNAM _911947 |
|
| 650 | 4 |
_aAforismos y apotegma _926976 |
|
| 700 | 1 |
_aToribio Marmolejos, Daniel _97096 |
|
| 910 | _aValidado. Control de calidad. MMOLINA | ||
| 942 |
_2ddc _cLBS1 |
||
| 999 |
_c35149 _d35149 |
||